V púchovskom drese aj Piovarči! extraliga volejbalistov - 1. kolo: Nováčik z Myjavy zdolal vicemajstra

Bibliographic Details
Format: Article
Language:Slovak
PhysicalDescription:Tab.
ISSN:0139-7001
Subjects:
Online Access:http://denniksport.sk/article/149073/v-puchovskom-drese-aj-piovarci

MARC

LEADER 00000nab a2200000 ar4500
001 vtls010178568
003 SK-MaSNL
005 20260303192611.0
008 101013c20101004xo |||||||||||000 b|slo
015 |a SNBRB2010/10  |2 snkbucl 
038 |a SNKBUCL 
040 |a SNKBUCL  |b slo  |c SNKBUCL  |e AACR2 
041 0 |a slo 
044 |a xo  |c SK 
080 |a 796.325.093.1  |2 2001 
245 0 0 |a V púchovskom drese aj Piovarči!  |b extraliga volejbalistov - 1. kolo: Nováčik z Myjavy zdolal vicemajstra 
300 |b Tab. 
648 7 |a sezóna 2010/2011  |2 snkbucl  |9 1038786 
650 0 7 |a volejbal  |2 snkbucl  |9 3294 
650 0 7 |a muži  |2 snkbucl  |9 4888 
650 0 7 |a 1. kolo  |2 snkbucl  |9 872967 
650 0 7 |a extraliga  |2 snkbucl  |9 18992 
773 0 |t Šport  |g Roč. 64, č. 228 (4.10.2010), s. 41  |x 0139-7001 
852 |a SNK  |b KIS3GCP 
856 4 1 |u http://denniksport.sk/article/149073/v-puchovskom-drese-aj-piovarci 
999 |c 2147321  |d 2149251